书目信息 |
| 题名: |
ANSYS工程应用实例解析
|
|
| 作者: | 龚曙光 主编 ;谢桂兰 , 邱爱红 , 李玉芝 编著 | |
| 分册: | ||
| 出版信息: | 北京 机械工业出版社 2003.04 |
|
| 页数: | 376页 | |
| 开本: | 26cm | |
| 丛书名: | 计算机技术及工程应用丛书 | |
| 单 册: | ||
| 中图分类: | O241.82-39 | |
| 科图分类: | ||
| 主题词: | 有限元分析--应用软件 | |
| 电子资源: | ||
| ISBN: | 7-111-11765-4 | |
| 000 | 01190nam2 2200301 450 | |
| 001 | 010254286875 | |
| 005 | 20050915105020.77 | |
| 010 | @a7-111-11765-4@dCNY41.00 (含光盘) | |
| 100 | @a20050823d2003 km y0chiy0120 ea | |
| 101 | 0 | @achi |
| 102 | @aCN@b110000 | |
| 105 | @aa a 000yy | |
| 200 | 1 | @aANSYS工程应用实例解析@AANSYS gong cheng ying yong shi li jie xi@f龚曙光主编@Fgong shu guang zhu bian@g谢桂兰, 邱爱红, 李玉芝编著@Gxie gui lan,qiu ai hong,li yu zhi bian zhu |
| 210 | @a北京@c机械工业出版社@d2003.04 | |
| 215 | @a376页@c图@d26cm@e光盘1片 | |
| 225 | 2 | @a计算机技术及工程应用丛书 |
| 307 | @a光盘 ISBN : 7-900136-30-4 | |
| 320 | @a有书目 (第376页)。 | |
| 330 | @a本书内容包括使用ANSYS 软件的基本知识、方法技巧、建模与网络划分、静力分析、动力学分析、非线性分析、优化设计、热分析与耦合场、计算流体力学和电磁分析、疲劳分析等。 | |
| 410 | 0 | @12001 @a计算机技术及工程应用丛书 |
| 606 | 0 | @a有限元分析@x应用软件 |
| 690 | @aO241.82-39@v4 | |
| 701 | 0 | @a龚曙光@Agong shu guang@4主编 |
| 702 | 0 | @a谢桂兰@Axie gui lan@4编著 |
| 702 | 0 | @a邱爱红@Aqiu ai hong@4编著 |
| 702 | 0 | @a李玉芝@Ali yu zhi@4编著 |
| 801 | 0 | @aCN@bQSSK@c20050915 |
| 905 | @a10447@dO241.82-39@eG389 | |
| ANSYS工程应用实例解析/龚曙光主编/谢桂兰, 邱爱红, 李玉芝编著.-北京:机械工业出版社,2003.04 |
| 376页:图;26cm+光盘1片.-(计算机技术及工程应用丛书) |
| ISBN 7-111-11765-4:CNY41.00 (含光盘) |
| 本书内容包括使用ANSYS 软件的基本知识、方法技巧、建模与网络划分、静力分析、动力学分析、非线性分析、优化设计、热分析与耦合场、计算流体力学和电磁分析、疲劳分析等。 |
| ● |
| 相关链接 |
|
|
|
正题名:ANSYS工程应用实例解析
索取号:O241.82-39/G389
 
预约/预借
| 序号 | 登录号 | 条形码 | 馆藏地/架位号 | 状态 | 备注 |
| 1 | 564852 | 205648520 | 自科库401/401自科库 80排1列5层/ [索取号:O241.82-39/G389] | 在馆 | |
| 2 | 564853 | 205648539 | 期刊室512/401自科库 80排1列5层/ [索取号:O241.82-39/G389] | 在馆 | |
| 3 | 564854 | 205648548 | 自科库401/401自科库 80排1列5层/ [索取号:O241.82-39/G389] | 在馆 |